| 000 | 00671nam a2200217 a 4500 | ||
|---|---|---|---|
| 008 | 031122s1954||||xo 0 slo c | ||
| 040 |
_aSNK _bslo _cSNK _eAACR2 |
||
| 041 | 1 |
_aslo _hcze |
|
| 044 |
_axo _cSK |
||
| 080 | _a929 Gottwald, Klement | ||
| 080 | _a32-051 | ||
| 100 | 1 |
_aNečásek, František _4aut |
|
| 245 | 1 | 0 |
_aO Klementovi Gottwaldovi _b<náčrt životopisu> _cFrantišek Nečásek ; (z čes. orig. poslov. ÚD KSS) |
| 260 |
_aBratislava _bSVPL _c1954 _eBratislava _fPravda |
||
| 300 |
_a158, [1] s. _c8ř |
||
| 500 | _aFrontispice | ||
| 500 | _a5.000 výtlač. | ||
| 600 | 1 |
_aGottwald, Klement _d1896-1953 _xbiografie _2SNK |
|
| 020 | _c6,70 | ||
| 958 | _aAAU | ||
| 999 |
_c15504 _d15504 |
||